000 00457nam a2200181Ia 4500
001 12982
005 20260306163020.0
008 260306t2005||||xx |||||||||||||| ||spa||
041 _aESP
082 _aRD 503
_bO28
100 _aGispert, Carlos [dir.]
_eAUT
245 0 _aDiccionario ilustrado:
_bde las ciencias y la tecnologĂ­a
260 _c2005
300 _a735 páginas :
_c26 cm.
650 _aGEN
654 _aCCN
942 _cDIC
_dJUS
_fJUS
_2ddc
_n
999 _c12982
_d12982